000 00457nam a2200157 i 4500
001 125500
003 ES-MaACL
005 20230906192636.0
007 t|
008 070614s1959 sp ||||1| spa d
080 _a914.671:(234.1)
245 0 0 _aS. Salvador de les Espases...
_b: camino histórico a Montserrat...
260 _aGranollers :
_bEdit. Alpina,
_c[1959]
300 _a24 p., 1 map. pleg. ;
_c16 cm.
852 _aES-MaACL
_j2004-F-21
_bR.44729
999 _c125500
_d125500